Մաթեմատիկա : (Record no. 130651)
[ view plain ]
| 000 -LEADER | |
|---|---|
| fixed length control field | 01049nam a2200217 u 4500 |
| 001 - CONTROL NUMBER | |
| control field | 000343551 |
| 003 - CONTROL NUMBER IDENTIFIER | |
| control field | AM-YeHGA |
| 005 - DATE AND TIME OF LATEST TRANSACTION | |
| control field | 20250617131140.0 |
| 008 - FIXED-LENGTH DATA ELEMENTS--GENERAL INFORMATION | |
| fixed length control field | 040615s1980 ai r 000 0 arm d |
| 040 ## - CATALOGING SOURCE | |
| Original cataloging agency | AM-YeHGA |
| 041 0# - LANGUAGE CODE | |
| Language code of text/sound track or separate title | arm |
| 090 ## - LOCALLY ASSIGNED LC-TYPE CALL NUMBER (OCLC); LOCAL CALL NUMBER (RLIN) | |
| -- | 132016 |
| 100 1# - MAIN ENTRY--PERSONAL NAME | |
| Personal name | Քարտաշյան, Ասքանազ Հակոբի. |
| 245 10 - TITLE STATEMENT | |
| Title | Մաթեմատիկա : |
| Remainder of title | (Ոչ բացասական իրական թվեր) : (Ուսումնաօժ. ձեռնարկ մանկավարժ. ին-տ մանկավարժ. և տարրական մեթոդ. ֆակ. ուսնողների համար) / |
| Statement of responsibility, etc. | Ա.Հ. Քարտաշյան; ՀՍՍՀ Լուս. մին-թյուն; Աբովյանի անվ. հայկ. պետ. մանկավարժ. ին-տ. |
| 260 ## - PUBLICATION, DISTRIBUTION, ETC. | |
| Place of publication, distribution, etc. | Երևան : |
| Name of publisher, distributor, etc. | Լույս, |
| Date of publication, distribution, etc. | 1980. |
| 300 ## - PHYSICAL DESCRIPTION | |
| Extent | 224 էջ. |
| 504 ## - BIBLIOGRAPHY, ETC. NOTE | |
| Bibliography, etc. note | Մատենագտ. էջ՝ 222 |
| 650 14 - SUBJECT ADDED ENTRY--TOPICAL TERM | |
| Topical term or geographic name entry element | Մաթեմատիկա |
| 653 0# - INDEX TERM--UNCONTROLLED | |
| Uncontrolled term | Ոչ բացասական թվեր |
| 710 2# - ADDED ENTRY--CORPORATE NAME | |
| Corporate name or jurisdiction name as entry element | Հայկական պետական մանկավարժական ինստիտուտ Երևանի Խ. Աբովյանի անվան |
| Withdrawn status | Lost status | Damaged status | Not for loan | Collection | Home library | Current library | Date acquired | Total checkouts | Full call number | Barcode | Date last seen | Price effective from | Koha item type | Public note |
|---|---|---|---|---|---|---|---|---|---|---|---|---|---|---|
| General | Fundamental Scientific Library | Fundamental Scientific Library | 22/12/2016 | 511.3(075.8) | 220064823 | 22/12/2016 | 22/12/2016 | Գրքեր / Books | 30 Days Loan |
ՀՀ Գիտությունների ազգային ակադեմիայի հիմնարար գիտական գրադարան = Fundamental Scientific Library of NAS RA
All site content, except where otherwise noted, is licensed under a